| 000 -LEADER |
| fixed length control field |
01481 a2200265 4500 |
| 003 - CONTROL NUMBER IDENTIFIER |
| control field |
Nust |
| 005 - DATE AND TIME OF LATEST TRANSACTION |
| control field |
20221124082011.0 |
| 010 ## - LIBRARY OF CONGRESS CONTROL NUMBER |
| LC control number |
2003054667 |
| 020 ## - INTERNATIONAL STANDARD BOOK NUMBER |
| International Standard Book Number |
0792375483 (alk. paper) |
| 040 ## - CATALOGING SOURCE |
| Transcribing agency |
Nust |
| 082 00 - DEWEY DECIMAL CLASSIFICATION NUMBER |
| Classification number |
621.382,BAR |
| 100 1# - MAIN ENTRY--PERSONAL NAME |
| Personal name |
Barry, John R., |
| 9 (RLIN) |
103453 |
| 245 10 - TITLE STATEMENT |
| Title |
Digital communication / |
| Statement of responsibility, etc. |
John R. Barry, Edward A. Lee, David G. Messerschmitt. |
| 250 ## - EDITION STATEMENT |
| Edition statement |
3rd ed. |
| 260 ## - PUBLICATION, DISTRIBUTION, ETC. |
| Place of publication, distribution, etc. |
Boston : |
| Name of publisher, distributor, etc. |
Kluwer Academic Publishers, |
| Date of publication, distribution, etc. |
c2004. |
| 300 ## - PHYSICAL DESCRIPTION |
| Extent |
xvi, 838 p. : |
| Other physical details |
ill. ; |
| Dimensions |
27 cm. |
| 505 ## - FORMATTED CONTENTS NOTE |
| Formatted contents note |
Introduction (Page-1), Deterministic Signal Processing (Page-11), Stochastic Signal Processing (Page-57), Limits of Communication (Page-113), Pulse-Amplitude Modulation (Page-131), Advanced Modulation (Page-203), Probabilistic Detection (Page-285), Equalization (Page-345), Adaptive Equalization (Page-423), MIMO Communication (Page-461), Fading and Diversity (Page-537), Error Control (Page-571), Signal Space Coding (Page-651), Phase Locked Loops (Page-701), Carrier Recovery (Page-727), Timing Recovery (Page-739), Multiple Access Alternatives (Page-767). |
| 650 #0 - SUBJECT ADDED ENTRY--TOPICAL TERM |
| Topical term or geographic name entry element |
Digital communications. |
| 9 (RLIN) |
237 |
| 700 1# - ADDED ENTRY--PERSONAL NAME |
| Personal name |
Lee, Edward A., |
| Dates associated with a name |
1957- |
| 9 (RLIN) |
103454 |
| 700 1# - ADDED ENTRY--PERSONAL NAME |
| Personal name |
Lee, Edward A., |
| Dates associated with a name |
1957- |
| 9 (RLIN) |
103454 |
| 700 1# - ADDED ENTRY--PERSONAL NAME |
| Personal name |
Messerschmitt, David G. |
| 9 (RLIN) |
80537 |
| 856 42 - ELECTRONIC LOCATION AND ACCESS |
| Materials specified |
Publisher description |
| Uniform Resource Identifier |
<a href="http://www.loc.gov/catdir/enhancements/fy0820/2003054667-d.html">http://www.loc.gov/catdir/enhancements/fy0820/2003054667-d.html</a> |
| 856 42 - ELECTRONIC LOCATION AND ACCESS |
| Materials specified |
Table of contents only |
| Uniform Resource Identifier |
<a href="http://www.loc.gov/catdir/enhancements/fy0820/2003054667-t.html">http://www.loc.gov/catdir/enhancements/fy0820/2003054667-t.html</a> |
| 942 ## - ADDED ENTRY ELEMENTS (KOHA) |
| Source of classification or shelving scheme |
|
| Koha item type |
Book |